KOHA-Header-6

Social Psychology (Record no. 571)

000 -LEADER
fixed length control field 00321nam a2200121Ia 4500
008 - FIXED-LENGTH DATA ELEMENTS--GENERAL INFORMATION
fixed length control field 190722s9999 xx 000 0 und d
020 ## - INTERNATIONAL STANDARD BOOK NUMBER
International Standard Book Number 978-93-325-6991-1
100 ## - MAIN ENTRY--PERSONAL NAME
Personal name Baron, Branscombe
245 #0 - TITLE STATEMENT
Title Social Psychology
260 ## - PUBLICATION, DISTRIBUTION, ETC. (IMPRINT)
Place of publication, distribution, etc India
Name of publisher, distributor, etc Pearson Ed. Ser. Pvt. Ltd. Dorling Kindersley
Date of publication, distribution, etc 2016
300 ## - PHYSICAL DESCRIPTION
Extent 481
942 ## - ADDED ENTRY ELEMENTS (KOHA)
Koha item type Books
Holdings
Withdrawn status Lost status Source of classification or shelving scheme Damaged status Not for loan Collection code Permanent Location Current Location Shelving location Date acquired Total Checkouts Full call number Barcode Date last seen Date checked out Price effective from Koha item type
          Psychology MAJU MAJU Shelf No.A35 2019-07-22 2 302 7197 2022-09-20 2021-03-18 2019-07-22 Psychology

Powered by Koha